004370000a2200133000450024500750000065000440007565000140011965000340013365000360016704100130020370000170021610000230023377300470025610aRole of corridors in conservation: what do we know and where do we go?14aEvaluación de Corredores ecológicos14aMovilidad14aFragmentación del hábitat14aBiología de la conservación0 aInglés1 aHobbs, R. J.1 aSaunders, Denis A.1 tNature Conservation 231297q421-427d1993